[Event "Kermanshah Taq e Bostan 2nd"]
[Site "Kermanshah"]
[Date "2024.01.25"]
[Round "1"]
[White "Atabayev, Maksat"]
[Black "Zare, Jamal"]
[Result "1-0"]
[WhiteElo "2426"]
[BlackElo "2016"]
[PlyCount "53"]
[EventDate "2024.01.25"]
[EventType "swiss"]
[EventRounds "9"]
[EventCountry "IRI"]
[SourceTitle "EXT 2025"]
[Source "ChessBase"]
[SourceDate "2024.10.14"]
[SourceVersion "1"]
[SourceVersionDate "2024.10.14"]
[SourceQuality "1"]

1. e4 c5 2. Nf3 d6 3. Nc3 Nc6 4. d4 cxd4 5. Nxd4 Nf6 6. Bg5 e6 7. Qd2 Be7 8. 0-0-0 a6 9. f3 Bd7 10. Kb1 Rc8 11. h4 Ne5 12. g4 b5 13. Bd3 Qa5 14. Be3 Nxd3 15. cxd3 b4 16. Nce2 0-0 17. h5 d5 18. e5 Ne8 19. g5 g6 20. Nf4 Bxg5 21. hxg6 fxg6 22. Nxg6 hxg6 23. Bxg5 Rf7 24. Qh2 Rg7 25. Bf6 Qb6 26. Qh8+ Kf7 27. Rh7 1-0